États des États-Unis avec la lettre Y - Statistiques

Statistiques générales
  • Ce quiz a été pris 236 fois
  • Le résultat moyen est 4 sur 6
Statistiques - réponses
Réponse % Correct
Wyoming
87%
New York
86%
Kentucky
71%
New Jersey
68%
Maryland
50%
Pennsylvanie
48%
Aucun quiz correspondant
Distribution des résultats
% des personnes avec chaque résultat
Percentile par nombre de réponses
Votre historique - résultats
Vous n’avez pas pris ce quiz